Представление документа в формате MARC21

Поле Инд. ПП Название Значение
Тип записи a
Библиографический уровень b
001 Контрольный номер eb8fe13c5c8b400c97f04baa25e69a3b
005 Дата корректировки 20250716183629.5
024 80 a Стандартный номер 10.1134/S106287382571116X
040 a Служба первич. каталог. Scopus
b Код языка каталог. rus
041 0_ a Код языка текста eng
097 a Костяева О.Г.
100 1_ a Автор Nemchenok I. B.
c Титул (звания) доцент (ученое звание); кандидат химических наук; доцент (должность); и. о. проректора по научной работе и инновациям; заведующий кафедрой;
j Принадлежность неизвестного автора к последователям, ученикам, сторонникам, школе и т. д. государственный университет "Дубна"
k Ректорат
q Полное имя Немченок Игорь Борисович
i 000090997
g Прочие сведения РИНЦ AuthorID: 44551 (https://elibrary.ru/author_items.asp?authorid=44551); Scopus Author ID: 8401877000 (https://www.scopus.com/authid/detail.uri?authorId=8401877000); ResearcherID: F-9715-2014 (http://www.researcherid.com/rid/F-9715-2014)
u Дополнение Немченок И. Б.
100 1_ a Автор Klimenko A. A.
c Титул (звания) ; кандидат физико-математических наук; доцент (должность);
i 000090557
g Прочие сведения РИНЦ AuthorID: 22021 (http://elibrary.ru/author_items.asp?authorid=22021)
j Принадлежность неизвестного автора к последователям, ученикам, сторонникам, школе и т. д. государственный университет "Дубна"
k Кафедра общей физики; Общеобразовательные кафедры
q Полное имя Клименко Александр Адольфович
u Дополнение Клименко А. А.
100 1_ a Автор Suslov I. A.
c Титул (звания) ассистент
i Z2021_04
j Принадлежность неизвестного автора к последователям, ученикам, сторонникам, школе и т. д. государственный университет "Дубна"
k Кафедра нанотехнологий и новых материалов; Факультет естественных и инженерных наук
q Полное имя Суслов Иван Андреевич
u Дополнение Суслов И. А.
100 1_ a Автор Bystryakov A. D.
c Титул (звания) ассистент ;
j Принадлежность неизвестного автора к последователям, ученикам, сторонникам, школе и т. д. государственный университет "Дубна"
k Инженерно-физический институт; Кафедра проектирования электроники для установок "мегасайенс"
q Полное имя Быстряков Артём Дмитриевич
100 1_ a Автор Kamnev I. I.
245 10 a Заглавие Optimizing the Quantitative Composition of Scintillation Additives of Tellurium-Loaded Plastic Scintillators
513 a передано и. о. проректора по научной работе и инновациям
b 16.07.2025
773 18 t Название источника Bulletin of the Russian Academy of Sciences: Physics
b Сведения об издании Pleiades Publishing, Ltd.
c Russia
m Специф. данные входит в Белый список; входит в Scopus; входит в ядро РИНЦ; ненулевой импакт-фактор
q У3 Белый список; Q3 Scopus 2024
n Примечание Известия Российской академии наук. Серия физическая
o Прочие индексы scopus 0.23
x ISSN 1062-8738
w Контрольный № источника 379ac102bd9f4ee6be9ff023eff00ccb
d Место и дата издания 2025
g Прочая информация V. 89. - P. 798–802
901 t Тип документа b
952 c Вид литературы статья в журнале